00361nam a2200133Ia 4500003000400000008004100004040001600045082001600061100001900077245005000096260004900146300000800195650002400203GCL140319s9999 xx 000 0 eng d aGCL / cGCL04a658.15bY M1 aYOUND, DONOVAN10aMODERN ENGINEERING ECONOMY / cYOUND, DONOVAN a[S.N] : bJOHN WILEY AND SONS. INC ، c1992 a56304aENGINEERING ECONOMY